书目信息 |
| 题名: |
向道而思
|
|
| 作者: | 杨国荣 著 | |
| 分册: | ||
| 出版信息: | 北京 东方出版社 2015 |
|
| 页数: | 342页 | |
| 开本: | 24cm | |
| 丛书名: | 岳麓书院国学文库 | |
| 单 册: | ||
| 中图分类: | B2-53 | |
| 科图分类: | ||
| 主题词: | 哲学--中国--文集 | |
| 电子资源: | ||
| ISBN: | 978-7-5060-8001-9 | |
| 000 | 01017nam2 2200253 450 | |
| 001 | 012001002073 | |
| 005 | 20140926114740.0 | |
| 010 | @a978-7-5060-8001-9@dCNY58.00 | |
| 100 | @a20150712d2015 em y0chiy50 ea | |
| 101 | 0 | @achi |
| 102 | @aCN@b110000 | |
| 105 | @ay z 000yy | |
| 106 | @ar | |
| 200 | 1 | @a向道而思@9xiang dao er si@f杨国荣著 |
| 210 | @a北京@c东方出版社@d2015 | |
| 215 | @a342页@d24cm | |
| 225 | 2 | @a岳麓书院国学文库 |
| 330 | @a本书作者杨国荣,是当代著名的哲学家,教育部长江学者,华东师范大学学术委员会副主任、人文社会科学学院院长、中国现代思想文化研究所所长,国务院学位委员会哲学学科评议组成员,中国哲学史学会副会长。本书收录了作者的二十篇文章,主题分为三大类:一是中国古代哲学史上的认识论、方法论相关问题;二是儒学的天人观、价值观、人学等;三是有关中国哲学中的道,理学、经学的问题。 | |
| 461 | 0 | @12001 @a岳麓书院国学文库 |
| 606 | 0 | @a哲学@y中国@j文集 |
| 690 | @aB2-53@v5 | |
| 701 | 0 | @a杨国荣@9yang guo rong@4著 |
| 801 | 0 | @aCN@b上海新华@c20180901 |
| 905 | @b1157450-4@dB2-53@e205@f5 | |
| 向道而思/杨国荣著.-北京:东方出版社,2015 |
| 342页;24cm.-(岳麓书院国学文库) |
| ISBN 978-7-5060-8001-9:CNY58.00 |
| 本书作者杨国荣,是当代著名的哲学家,教育部长江学者,华东师范大学学术委员会副主任、人文社会科学学院院长、中国现代思想文化研究所所长,国务院学位委员会哲学学科评议组成员,中国哲学史学会副会长。本书收录了作者的二十篇文章,主题分为三大类:一是中国古代哲学史上的认识论、方法论相关问题;二是儒学的天人观、价值观、人学等;三是有关中国哲学中的道,理学、经学的问题。 |
| ● |
| 相关链接 |
|
|
|
|
正题名:向道而思
索取号:B2-53/205
 
预约/预借
| 序号 | 登录号 | 条形码 | 馆藏地/架位号 | 状态 | 备注 |
| 1 | 1157450 | 211574508 | 第一样本阅览室/ [索取号:B2-53/205] | 在馆 | |
| 2 | 1157451 | 211574517 | 第一借阅区/ [索取号:B2-53/205] | 在馆 | |
| 3 | 1157452 | 211574526 | 第一借阅区/ [索取号:B2-53/205] | 在馆 | |
| 4 | 1157453 | 211574535 | 第一借阅区/ [索取号:B2-53/205] | 在馆 | |
| 5 | 1157454 | 211574544 | 第一借阅区/ [索取号:B2-53/205] | 在馆 |